000 00481nam a2200157Ia 4500
008 160316s2005 xxu||||| |||| 00| 0 eng d
082 _a344.012166
_bSRI
100 _aSrivastava K D
245 _aCommentaries on the payment of gratuity act, 1972 together with central & states' rules
250 _a5th
260 _aLucknow
_bEastern Book Co.
_c2005
300 _a550p
_b
_cxiii
365 _b Rs.545
650 _a1.Labour Laws - Payment of Gratuity - Commentary
700 _a
_a
999 _c8111
_d8111